| 000 | 00512nam a2200181Ia 4500 | ||
|---|---|---|---|
| 008 | 140609s9999 xx 000 0 und d | ||
| 020 | _a9780470746936 | ||
| 050 |
_aHF 5668.25 _b.P53155 2011 |
||
| 100 | _aPickett, K. H. Spencer. | ||
| 245 | 4 |
_aThe essential guide to internal auditing / _cK.H. Spencer Pickett |
|
| 250 | _a2nd ed. | ||
| 260 |
_aChichester : _bWiley, _cc2011. |
||
| 300 |
_a367 p. : _bill. ; _c25 cm. |
||
| 500 | _aIncludes index. | ||
| 521 | _aBSBA | ||
| 942 |
_kFOR _cBK |
||
| 999 |
_c118082 _d118082 |
||